00409nam a22001217a 450000500170000000800410001704100080005808200080006610000570007424501180013126000300024930000080027920240812142057.0240812b |||||||| |||| 00| 0 eng d aeng bPAT aPatil Manali- 2K221119 & Dr. Sneha Arekar– Guide  aA Study on Analysis of Training and Development program Practised in the Organization at GNS Technology Pvt. Ltd. a Pune bSPPU cMarch-2024 a54p